Journal of genetic psychology

Detalles Bibliográficos
Título anterior:Pedagogical seminary and journal of genetic psychology
Formato: Electrónico Revista
Lenguaje:inglés
Publicado: Provincetown, Mass., U.S.A. : Journal Press
[Philadelphia, PA] : Taylor & Francis
Materias:
Acceso en línea:Full text available from Research Library: 03/01/1994 to 10/31/2010

MARC

LEADER 00000nas a2200000 a 4500
001 ssj0000275
003 WaSeSS
005 20200512172242.0
006 m d
007 cr n
008 050614c19549999pauqr pss 0 a0eng c
010 |a  2007215265 
015 |a GBB605318  |2 bnb 
016 7 |a 2985112R  |2 DNLM 
016 7 |a J22040000  |2 DNLM 
016 7 |a 016008783  |2 Uk 
022 |a 1940-0896  |l 0022-1325  |y 0022-1325 
024 7 |a L11  |2 LC class 
030 |a JGPYAI 
035 |a (WaSeSS)ssj0000275 
037 |b Heldref Publications, 1319 Eighteenth St., N.W., Washington, DC 20036-1806 
040 |a OCLCS  |b eng  |e pn  |c OCLCS  |d UV0  |d NSD  |d BUF  |d OCLCQ  |d UKMGB  |d OCLCQ  |d OCLCF  |d OCLCO  |d DLC  |d VT2  |d OCLCO  |d OCLCQ  |d OCLCO  |d OCLCQ  |d OCLCO  |d NLE  |d U3W  |d OCLCO  |d AU@  |d OCLCO  |d WYU  |d OCLCO  |d OCLCA  |d AUD  |d OCLCA  |d REC  |d OCLCO  |d DLC  |d WaSeSS 
042 |a pcc  |a nsdp 
050 0 0 |a L11 
060 0 0 |a W1  |b JO669 
082 1 0 |a 370  |2 14 
130 0 |a Journal of genetic psychology (Online) 
222 0 |a Journal of genetic psychology  |b (Online) 
245 1 0 |a Journal of genetic psychology  |h [electronic resource]. 
260 |a Provincetown, Mass., U.S.A. :  |b Journal Press 
260 3 |3 2010- :  |a [Philadelphia, PA] :  |b Taylor & Francis 
310 |a 6 issues per year,  |b 2013- 
321 |a Quarterly,  |b -2012 
362 1 |a Print began with v. 84, 1st half (Mar. 1954). 
500 |a Published: New York : Heldref Publications, <1985->; Washington, DC : Heldref Publications, <Sept. 1992-> 
500 |a "Research and theory on human development." 
506 |a License restrictions may limit access. 
538 |a Mode of access: World Wide Web. 
588 |a Description based on: Vol. 165, no. 1 (Mar. 2004); title from title screen (publisher's Web site viewed Sept. 19, 2007). 
588 |a Latest issue consulted: Vol. 180, no. 1 (2019) (Taylor & Francis website, viewed May 3, 2019). 
650 0 |a Education  |v Periodicals. 
650 0 |a Psychology  |v Periodicals. 
650 0 |a Child psychology  |v Periodicals. 
650 7 |a Child psychology.  |2 fast  |0 (OCoLC)fst00854540 
650 7 |a Education.  |2 fast  |0 (OCoLC)fst00902499 
650 7 |a Psychology.  |2 fast  |0 (OCoLC)fst01081447 
650 2 |a Behavior. 
650 2 |a Psychology, Child. 
650 2 |a Psychology, Comparative. 
655 0 |a Electronic journals. 
776 1 |t Journal of genetic psychology  |x 0022-1325  |w (DLC) 06012252  |w (OCoLC)1639282 
780 0 0 |t Pedagogical seminary and journal of genetic psychology  |x 2377-6498  |w (DLC) 2015201782  |w (OCoLC)612336961 
850 |a DLC 
856 4 0 |z Full text available from Research Library: 03/01/1994 to 10/31/2010  |u https://search.proquest.com/publication/34448